MARC

LEADER 00000nam2a2200000 4500
001 674145
005 20260130131028.0
090 |a 674145 
100 |a 20210921d1979 km|y0rusy50 ca 
101 0 |a rus 
102 |a RU 
105 |a a z 001yy 
181 0 |a i   |b  e  
182 0 |a n 
183 0 |a nc  |2 RDAcarrier 
200 0 |a Вып. 55 
203 |a Текст  |b визуальный  |c непосредственный 
210 |d 1979 
215 |a 69 с.  |c ил. 
283 |a volume  |2 RDAcarrier 
320 |a Список литературы в конце статей 
461 1 |0 264104  |t Изотопы в СССР  |o производственно-технический сборник  |f Центральный научно-исследовательский институт информации и технико-экономических исследований по атомной науке и технике  |v Вып.55  |d 1965-1984  |9 264104  |a Центральный научно-исследовательский институт информации и технико-экономических исследований по атомной науке и технике  |c Москва  |n Энергоатомиздат 
606 1 |a Изотопы  |x Технология  |2 stltpush  |3 (RuTPU)RU\TPU\subj\12356  |9 39153 
610 1 |a радиационная техника 
610 1 |a радиационно-химическая технология 
610 1 |a радиационная дефектоскопия 
610 1 |a радиационная защита 
610 1 |a технологический контроль 
610 1 |a поверхностная активация 
610 1 |a радиоизотопные плотномеры 
610 1 |a гамма-релейные приборы 
610 1 |a ЯГР-спектроскопия 
675 |a 621.039.8.002  |v 4 
801 0 |a RU  |b 63413507  |c 20240819 
830 |a Ретро2024Каталогизация Шило 
850 |a 63413507 
942 |c CR